000
00282nam a2200109Ia 4500
008
220204s9999 xx 000 0 und d
082
_a
61(031)
_b
ELI
100
_a
Elias, Elizabeth E
245
0
_a
Complete home medical encyclopedia
260
_a
New York
_b
Harbour
_c
1977
942
_c
BK
999
_c
35541
_d
35541